MARC details
| 000 -CABECERA |
| campo de control de longitud fija |
01449cam a22003854a 4500 |
| 001 - NÚMERO DE CONTROL |
| campo de control |
000014514 |
| 005 - FECHA Y HORA DE LA ÚLTIMA TRANSACCIÓN |
| campo de control |
20200929163849.0 |
| 008 - DATOS DE LONGITUD FIJA--INFORMACIÓN GENERAL |
| campo de control de longitud fija |
030522s2003 nyua b 001 0 eng d |
| 010 ## - NÚMERO DE CONTROL DE LA BIBLIOTECA DEL CONGRESO |
| Número de control de LC |
2003053936 |
| 020 ## - NÚMERO INTERNACIONAL ESTÁNDAR DEL LIBRO |
| Número Internacional Estándar del Libro |
3540401075 |
| 040 ## - FUENTE DE LA CATALOGACIÓN |
| Centro catalogador/agencia de origen |
DO-SdBNP |
| Lengua de catalogación |
BNPHU |
| Centro/agencia transcriptor |
DLC |
| 042 ## - CÓDIGO DE AUTENTICACIÓN |
| Código de autenticación |
pcc |
| 082 ## - NÚMERO DE LA CLASIFICACIÓN DECIMAL DEWEY |
| Número de clasificación |
XXX |
| Número de documento/Ítem |
S446e |
| 049 ## - FONDOS LOCALES (OCLC) |
| Fondos de biblioteca |
BNGR |
| 245 00 - MENCIÓN DE TÍTULO |
| Título |
Security and environment in the Mediterranean : |
| Resto del título |
conceptualising security and environmental conflicts / |
| Mención de responsabilidad, etc. |
Hans Gunter Brauch ... [et al.] ; prólogo de Lord Robertson, Amre Moussa... [et al.]. |
| 260 ## - PUBLICACIÓN, DISTRIBUCIÓN, ETC. |
| Lugar de publicación, distribución, etc. |
New York : |
| Nombre del editor, distribuidor, etc. |
Springer, |
| Fecha de publicación, distribución, etc. |
2003. |
| 300 ## - DESCRIPCIÓN FÍSICA |
| Extensión |
xxvi, 1134 p. : |
| Otras características físicas |
il. ; |
| Dimensiones |
29 cm. |
| 490 1# - MENCIÓN DE SERIE |
| Mención de serie |
Collection Strademed ; |
| Designación de volumen o secuencia |
16 |
| 504 ## - NOTA DE BIBLIOGRAFÍA, ETC. |
| Nota de bibliografía, etc. |
Incluye referencias bibliográficas y notas al pie de las páginas |
| 650 #4 - PUNTO DE ACCESO ADICIONAL DE MATERIA--TÉRMINO DE MATERIA |
| Término de materia o nombre geográfico como elemento de entrada |
Seguridad nacional |
| 9 (RLIN) |
32794 |
| 651 #4 - PUNTO DE ACCESO ADICIONAL DE MATERIA--NOMBRE GEOGRÁFICO |
| Nombre geográfico |
Paises Mediterraneos |
| 9 (RLIN) |
32795 |
| 700 1# - PUNTO DE ACCESO ADICIONAL--NOMBRE DE PERSONA |
| Nombre de persona |
Brauch, Hans Gunter, |
| Fechas asociadas al nombre |
1947- |
| Término indicativo de función/relación |
ed. |
| 9 (RLIN) |
32796 |
| 700 1# - PUNTO DE ACCESO ADICIONAL--NOMBRE DE PERSONA |
| Nombre de persona |
Liotta, P.H., |
| Término indicativo de función/relación |
ed. |
| 9 (RLIN) |
32797 |
| 700 1# - PUNTO DE ACCESO ADICIONAL--NOMBRE DE PERSONA |
| Nombre de persona |
Marquina, Antonio, |
| Término indicativo de función/relación |
ed. |
| 9 (RLIN) |
32798 |
| 700 1# - PUNTO DE ACCESO ADICIONAL--NOMBRE DE PERSONA |
| Nombre de persona |
Roger, Paul F., |
| Término indicativo de función/relación |
ed. |
| 9 (RLIN) |
32799 |
| 700 1# - PUNTO DE ACCESO ADICIONAL--NOMBRE DE PERSONA |
| Nombre de persona |
El-Sayed Selim, Mohammad, |
| Término indicativo de función/relación |
ed. |
| 9 (RLIN) |
32800 |
| 700 1# - PUNTO DE ACCESO ADICIONAL--NOMBRE DE PERSONA |
| Nombre de persona |
Robertson, Lord, |
| Término indicativo de función/relación |
pról. |
| 9 (RLIN) |
32801 |
| 700 1# - PUNTO DE ACCESO ADICIONAL--NOMBRE DE PERSONA |
| Nombre de persona |
Moussa, Amre, |
| Término indicativo de función/relación |
pról. |
| 9 (RLIN) |
32802 |
| 700 1# - PUNTO DE ACCESO ADICIONAL--NOMBRE DE PERSONA |
| Nombre de persona |
Abu Jaber, Kamel S., |
| Término indicativo de función/relación |
pról. |
| 9 (RLIN) |
32803 |
| 700 1# - PUNTO DE ACCESO ADICIONAL--NOMBRE DE PERSONA |
| Nombre de persona |
tickell, Crispin, |
| Término indicativo de función/relación |
pról. |
| 9 (RLIN) |
32804 |
| 700 1# - PUNTO DE ACCESO ADICIONAL--NOMBRE DE PERSONA |
| Nombre de persona |
Dean, Jonathan, |
| Término indicativo de función/relación |
pról. |
| 9 (RLIN) |
32805 |
| 700 1# - PUNTO DE ACCESO ADICIONAL--NOMBRE DE PERSONA |
| Nombre de persona |
Yassin, Sayed, |
| Término indicativo de función/relación |
pról. |
| 9 (RLIN) |
32806 |
| 830 #0 - PUNTO DE ACCESO ADICIONAL DE SERIE-TÍTULO UNIFORME |
| Título uniforme |
Collection Strademed ; |
| Designación de volumen o secuencia |
16 |
| 9 (RLIN) |
32807 |
| 910 ## - DATOS DE OPCIÓN DEL USUARIO (OCLC) |
| Datos de opción del usuario |
Catalogación derivada |